| 000 | 00456nam a2200157 i 4500 | ||
|---|---|---|---|
| 001 | 20241 | ||
| 003 | ES-MaACL | ||
| 005 | 20230906152248.0 | ||
| 007 | t| | ||
| 008 | 021108s1971 sp ||||1| spa d | ||
| 100 | 1 |
_aAguelo Arguis, Rafael. _918655 |
|
| 245 | 1 | 0 |
_aCuando habla el alma / _cRafael Arguelo Arguis. |
| 260 |
_aZaragoza : _bEl Noticiero, _c[1971] |
||
| 300 |
_a31 h., 1 lám. : _bretr. aut. ; _c22 cm. |
||
| 852 |
_aES-MaACL _j2077-F-21 _bR.76642 |
||
| 999 |
_c20241 _d20241 |
||